Der Aufbau der Strafrechtspflege in den neuen Bundesländern

Gespeichert in:  
Bibliographische Detailangaben
1. VerfasserIn: Jabel, Hans-Peter (Verfasst von)
Medienart: Druck Aufsatz
Sprache:Deutsch
Veröffentlicht: 1993
In: Politisch-gesellschaftlicher Umbruch, Kriminalität, Strafrechtspflege
Jahr: 1993, Seiten: 103-115
Verfügbarkeit prüfen: HBZ Gateway
Schlagwörter:

MARC

LEADER 00000caa a22000002c 4500
001 1526081970
003 DE-627
005 20220604105302.0
007 tu
008 160223s1993 xx ||||| 00| ||ger c
020 |a 3783218926 
035 |a (DE-627)1526081970 
035 |a (DE-576)456081976 
035 |a (DE-599)BSZ456081976 
040 |a DE-627  |b ger  |c DE-627  |e rakwb 
041 |a ger 
100 1 |a Jabel, Hans-Peter  |4 aut 
245 1 4 |a Der Aufbau der Strafrechtspflege in den neuen Bundesländern  |c Hans-Peter Jabel 
264 1 |c 1993 
336 |a Text  |b txt  |2 rdacontent 
337 |a ohne Hilfsmittel zu benutzen  |b n  |2 rdamedia 
338 |a Band  |b nc  |2 rdacarrier 
773 0 8 |i In  |t Politisch-gesellschaftlicher Umbruch, Kriminalität, Strafrechtspflege  |d Heidelberg : Kriminalistik-Verlag, 1993  |g (1993), Seite 103-115  |h X, 129 S.  |w (DE-627)277078008  |w (DE-576)032703376  |z 3783218926  |7 nnam 
773 1 8 |g year:1993  |g pages:103-115 
935 |a mkri 
951 |a AR 
ELC |b 1 
LOK |0 000 xxxxxcx a22 zn 4500 
LOK |0 001 2899589628 
LOK |0 003 DE-627 
LOK |0 004 1526081970 
LOK |0 005 20260114155926 
LOK |0 008 160208||||||||||||||||ger||||||| 
LOK |0 040   |a DE-21-110  |c DE-627  |d DE-21-110 
LOK |0 689   |a s  |a Strafrechtspflege 
LOK |0 689   |a s  |a Neue Bundesländer 
LOK |0 689   |a s  |a Aufbau 
LOK |0 852   |a DE-21-110 
LOK |0 852 1  |m p  |9 00 
LOK |0 935   |a k110 
LOK |0 938   |k p 
LOK |0 939   |a 08-02-16  |b l01 
ORI |a SA-MARC-krimdoka001.raw